| 000 | 00434nam a2200157 i 4500 | ||
|---|---|---|---|
| 001 | bg | ||
| 100 | 1 | _aFRANK, Michał | |
| 245 | 0 |
_aOrganizacja pomiaru i rozliczania ciepła w systemach ciepłowniczych / _cMichał Frank. |
|
| 260 |
_aWarszawa : _bCentr. Ośr. Inf. Bud., _c1976. |
||
| 300 |
_as. 22 : _brys. tab. |
||
| 040 | _cBPK | ||
| 041 | _apol | ||
| 080 | _a681.12 | ||
| 942 | _cKS | ||
| 008 | s pl f |000 0 pol | ||
| 999 |
_c17056 _d17056 |
||
| 856 |
_uhttp://koha.tu.koszalin.pl/cgi-bin/koha/opac-detail.pl?biblionumber=17056 _yKatalog online BPK |
||